Quizzes
Events
Quiz Creation
Community
Videos
Private Events
Remove Ads
Sign In
Join for FREE
Feedback
Dark Mode
Quiz Categories
Sports
Geography
Music
Movies
Television
Just For Fun
Miscellaneous
History
Literature
Language
Science
Gaming
Entertainment
Religion
Holiday
For Kids
Quiz Lab
Recent
Popular Today
Quiz Kudos Today
Editor Picks
Curator Picks
Quizzes by...
Day
Popularity
Type
Ratings
Length
Year
Community
Subscriptions
Recent Discussions
Orange Saloon
Badges
Playlists
Quests
Create
Leaderboards
Showdown
Live 5
Trivia Bingo
Activity
Puzzle Library
Sporcle Events
Private Events
Virtual Trivia
Globe League
Become a Host
Pub Owners
SporcleCon
Opinionation
Our Games
Videos
Blog
Mobile Apps
Partnerships
Remove Ads and Go Orange
Feedback
Gaming
Video Games
Board Games
Card Games
Pokémon
Mario
Nintendo
Minecraft
Console
Toys
Legend of Zelda
Gaming
Video Games
Board Games
Card Games
Pokémon
Mario
Nintendo
Minecraft
Console
Toys
Legend of Zelda
Random Quiz
Search Sporcle
×
Curator Pick
Curator Pick
Gaming
Console
Type in answers that appear in a list
Type in answers that appear in a list
Classic
Best Score? Go Orange.
Top 25 Most Influential Game Consoles Stats
Can you name the Top 25 Most Influential Game Consoles?
By
milhouse925
7m
25 Questions
2,651 Plays
2,651 Plays
2,651 Plays
Comments
Comments
Give Quiz Kudos
Give Quiz Kudos
-
- Ratings
hide this ad
Replay
Link that replays current quiz
Next Quiz
Link to next quiz in quiz playlist
You Got
0%
They Got
Avg Score
54%
Avg Friend Score
Upgrade to see
Score Distribution
Jump to the score distribution portion of the page
Score
0/25
Timer
07:00
0
Plays Today
Year
Console
% Correct
2001
Xbox
95.4%
1995
Playstation
94.3%
2000
Playstation 2
94%
2006
Playstation 3
92%
2005
Xbox 360
90.3%
2006
Nintendo Wii
86.1%
1996
Nintendo 64
83.2%
1991
Super Nintendo
82.7%
1985
Nintendo Entertainment System
79.2%
2001
Nintendo GameCube
75.1%
1989
Sega Genesis
69.3%
1999
Sega Dreamcast
68.7%
1977
Atari 2600
53%
Year
Console
% Correct
1995
Sega Saturn
50.8%
1986
Sega Master System
32%
1993
Atari Jaguar
30.9%
1982
Atari 5200
29.6%
1982
Colecovision
27%
1979
Intellivision
21.8%
1972
Magnavox Odyssey
21.5%
1990
NeoGeo
20.3%
1986
Atari 7800
19.9%
1993
3DO
19.5%
1989
TurboGrafx-16
15.1%
1978
Magnavox Odyssey 2
8.6%
Quiz Playlist
Details
Report
Send in Message
Add To Playlist
Classic:
Type in answers that appear in a list
Quiz Source
Last Updated: Jun 1, 2018
Curator Pick in
Console
Quiz Scoreboard
CHALLENGE
Sign Up to Join the Scoreboard
Show All
Scores
Hide
Comments
May contain spoilers
Recently Published
NBA Finals Game Top Scorers (2010s)
by flibbidy
Sports
5m
Guess the 'R' Things in 3 Words
by MSUKent
Miscellaneous
3m
Actor to Badly Drawn Movie III
by MoMosMoProblems
Movies
5m
More to Explore
Quiz From the Vault
Featured Blog Post
Where Does Lost Luggage Go?
hide this ad
You Might Also Like...
Tags
Console Quiz
Game Consoles
influential
Top 25
Today's Top Quizzes in Gaming
Browse Gaming
hide this ad
Today's Top Quizzes in Console
Browse Console
Top Contributed Quizzes in Gaming
1
Video Game Rainbow Blitz
2
Genshin Impact Logic Puzzle
3
Genshin Impact Logic Puzzle Quiz
4
Pokémon Gen IV Logic Puzzle (HARD)
5
Rainbow Six Siege Operators by Picture
6
Magic: the Gathering Set Symbols - LCI
7
Ordering Roman Numerals: Pokémon
8
St. Patrick's Pick: Gaming
9
Ultimate Genshin Impact Logic Puzzle (up to 4.3)
10
Wii Remote Buttons
Explore More
Trending Topics
Anime
NBA
Kpop
Disney
Marvel
Harry Potter
Crossword
Soccer
NFL
Pokémon
Puzzle
The Office
Country
WWE
Song
hide this ad
More By:
milhouse925
Quiz
Plays
Rating
Category
Featured
Created
Top 10 Most Famous Misquoted Movie Lines
3,882
2.57
Movies
Nov 3, 2009
Top 25 Most Influential Game Consoles
2,651
3.89
Gaming
Oct 28, 2009
Greatest Sidekicks of All Time
1,155
3.44
Entertainment
Nov 8, 2009
25 Best Vampire Movies
853
3.00
Movies
Oct 28, 2009
Video Game Hall of Fame by IGN.com
444
4.17
Gaming
Oct 28, 2009
Go to Creator's Profile
Score Distribution
Quiz Creator Spotlight
milhouse925
Follow
Send a Message
Quizzes Created
-
Created Quiz Play Count
-
More By This Creator
Popular Quizzes Today
1
Find the US States - No Outlines Minefield
2
Find the US States
3
The Countries of the World
4
10 Largest US States in Order
5
Find the Countries of Europe - No Outlines Minefield
6
US States
7
Guess the 'R' Things in 3 Words
8
NBA Finals Game Top Scorers (2010s)
More Gaming Quizzes
Quick Pick: Arkham Origins Villains
Quiz Lab
Trending Quizzes
First Name TV: Leading Men
Match the Book to the Film II
3-Word Movies in 1 Word II
First Name TV: Leading Women Drama
Match the Book to the Film VI
Recently Updated
Women's Final Four Teams by Year
bhenderson79
Presidents Quartet II
eogle
Anything But Clue(do)
eogle
Anything But Oceanian Capitals
eogle
Anything But 7
eogle
Anything But Thing
eogle
Word Ladder: February 29
pecheneg
Song Title Questions
pecheneg
Women's NCAA Tournament #1 Seeds
pecheneg
Celebrity Mug Shots
pecheneg
Trending Topics
Harry Potter
Marvel
Kpop
Anime
Crossword
NBA
Disney
The Office
Pokémon
Soccer
Puzzle
WWE
Song
NFL
Country
Your Account Isn't Verified!
In order to create a playlist on Sporcle, you need to verify the email address you used during registration. Go to your
Sporcle Settings
to finish the process.
Report this User
Report this user for behavior that violates our
Community Guidelines
.
Details:
Send Report
Go to the Sporcle.com Mobile Site →
Comments